000 00882nam a2200217Ia 4500
003 OSt
005 20251003153525.0
008 220922b |||||||| |||| 00| 0 hin d
037 _cTB
040 _aARTS
_cARTS
_bhin
041 _2hin
_ahin
084 _aO152,1K88 152M3
_qAL
100 _aमिश्र, सत्य नारायण
_9847429
245 0 _aसंत कवि तुलसीदास निरंजनी साहित्य और सिद्धान्त
246 _aSanta kavi tulasīdās niranjanī sāhitya aur siddhānta
260 _aकानपुर
_b साहित्य निकेतन
_c1983
300 _a355 पृ.
_ccm.
650 _aहिन्दी साहित्य
_9156264
942 _hO152,1K88 152M3
_cTB
_2CC
_n0
999 _c330797
_d330797